000 00323nam a22001337a 4500
008 181221b xxu||||| |||| 00| 0 eng d
020 _a9780813120546
041 _aeng
080 _a316
100 _a50
101 _aSOC
245 _aAuthority and Female Authorship in Colonial America
_cScheick, W.J
942 _2udc
_cBK
999 _c53680
_d53680